000
00329nam a22001451a 4500
082
_a
M3
_b
VIL/C
100
_a
Vilasini
245
_a
Chundeli/
_c
by Vilasini
260
_a
Thrissur:
_b
Sulabha Books,
_c
2002.
300
_a
275p.
650
_a
Novel Malayalam
650
_a
Literature Malayalam
650
_a
Literature
942
_c
BK
999
_c
7673
_d
7673